| 000 | 00514nam a2200169Ia 4500 | ||
|---|---|---|---|
| 005 | 20250612145309.0 | ||
| 008 | 008 250505s9999 xx 000 0 eng d | ||
| 020 | _a9789391818203 | ||
| 040 |
_beng _cILCL |
||
| 041 |
_aeng _2eng |
||
| 100 |
_aMahadevan, B _9421489 |
||
| 245 | 0 | _aIntroduction to Indian Knowledge System:concepts and applications | |
| 260 |
_aDelhi _bPHI Learning _c2024 |
||
| 300 | _axxviii,417p. | ||
| 700 | _aBhat, Vinayak RajatNagendra Pavana R N | ||
| 942 |
_cTB _2Colon Classification |
||
| 999 |
_c1312217 _d1312217 |
||